| 000 | 00725nam a2200241 a 4500 | ||
|---|---|---|---|
| 008 | |||
| 020 | _a0521454395 (pbk.) | ||
| 049 | _aMAIN | ||
| 090 |
_aHB71 _bPUB |
||
| 245 | 1 | 0 |
_aPublic economics : _bselected papers by William Vickrey / _cedited by Richard Arnott... [et al.]. |
| 260 |
_aCambridge : _bCambridge University Press, _c1994. |
||
| 300 |
_axii, 558 p. : _bport. ; _c25 cm. |
||
| 504 | _aIncludes bibliographical references. | ||
| 650 | 0 | _aEconomics. | |
| 650 | 0 | _aFinance. | |
| 653 | 0 | _aEconomics. | |
| 700 | 1 | _aArnott, Richard. | |
| 907 |
_a.b10078538 _b09-10-12 _c20-06-03 |
||
| 003 | |||
| 005 | 20230123133304.0 | ||
| 040 | _cNUST | ||
| 942 |
_cBOOKS _kHB71 _mPUB |
||
| 999 |
_c146009 _d146009 |
||